6-Letter African Countries Quiz Stats

 Plays Quiz not verified by Sporcle

Score 0/7 Timer 02:00
0 Plays Today
% Correct
Zambia
83.5%
Rwanda
83.1%
Angola
81.9%
Uganda
80.2%
Guinea
73.9%
(The) Gambia
73.1%
Malawi
72.3%

You're not logged in!

Compare scores with friends on all Sporcle quizzes.
OR
Log In

Show Comments

Extras

Top Quizzes Today


Score Distribution

Your Account Isn't Verified!

In order to create a playlist on Sporcle, you need to verify the email address you used during registration. Go to your Sporcle Settings to finish the process.

Report this User

Report this user for behavior that violates our Community Guidelines.

Details: